Name the Friends Episodes and Characters - Statistics

General Stats
  • This quiz has been taken 1,806 times
  • The average score is 9 of 20
Answer Stats
Quote Character / Episode % Correct
"You're so far past the line, you can't even see the line. The line is a dot to you." Joey Tribbiani
90%
"Pivot! Pivot! Pivot!" Ross Geller
88%
"Something is wrong with the left Philange" Phoebe Buffay
85%
"I'm Rachel. I love Ross. I hate Ross. I love Ross. I hate Ross." Monica Geller
84%
"Hi, Ken Adams. Nice to meet you." Joey Tribbiani
70%
"Oh as opposed to your other, multi-functional nipples?" Rachel Green
66%
"Ding dong, the psycho's gone." Chandler Bing
65%
"Don't you have a little too much penis to be wearing a dress like that?" Nora Bing
58%
"You know what would be great? If you guys died!" Amy Green
52%
"So what is this, some kind of snake?" Gunther
38%
"Something is wrong with the left Philange" The Last One
36%
"You're so far past the line, you can't even see the line. The line is a dot to you." The One Where Chandler Crosses The Line
33%
"Don't you have a little too much penis to be wearing a dress like that?" The One With Monica And Chandler's Wedding
30%
"Ding dong, the psycho's gone." The One Where Eddie Won't Go
19%
"You know what would be great? If you guys died!" The One With Rachel's Other Sister
18%
"Hi, Ken Adams. Nice to meet you." The one With The Videotape
17%
"I'm Rachel. I love Ross. I hate Ross. I love Ross. I hate Ross." The One On The Last Night
13%
"So what is this, some kind of rat?" The One With The Ball
12%
"Pivot! Pivot! Pivot!" The One With The Cop
6%
"Oh as opposed to your other, multi-functional nipples?" The One With Phoebe's Husband
3%
No matching quizzes found
Score Distribution
Percent of People with Each Score
Percentile by Number Answered
Your Score History
You have not taken this quiz